00587nam a2200133Ia 4500008004100000100002300041245015200064245008800216260005300304260000900357300001100366650001500377856006100392170221s9999 xx 000 0 und d aAlexey Y. Mamychev aPrognostic Problems of the Public and Power Organization of the Russian Society: Archetypes and Sociocultural Basis of Functioning and Development  cAlexey Y. Mamychev, Valentin Y. Lyubashits, Sergey O. Shalyapin, Maria K. Filippova bInternational Review of Management and Marketing c2016 a6 : 6S xMarketing. uhttp://www.econjournals.com/index.php/irmm/issue/view/86